000 00302nam a22001337a 4500
008 171201b xxu||||| |||| 00| 0 eng d
020 _a9780813344362
041 _aeng
080 _a32
100 _a20
101 _aPOL
245 _aRELIGION AND POLITICS IN AMERICA
_cFOWLER,R.B
942 _2udc
_cBK
999 _c38693
_d38693